[Event "XIII. DBMM 2013"]
[Site "?"]
[Date "2013.09.27"]
[Round "3.3"]
[White "Brauer, Frank"]
[Black "Schroeder, Wilfried"]
[Result "1-0"]
[WhiteElo "1887"]
[BlackElo "1400"]
[PlyCount "49"]
[EventDate "2013.01.19"]

1. e4 e5 2. Nf3 Nc6 3. Bb5 Nge7 4. d4 d6 5. dxe5 Bd7 6. exd6 cxd6 7. Qxd6 Qa5+
8. Nc3 Ng6 9. Qd3 Rd8 10. Bd2 Bb4 11. O-O O-O 12. Qe2 Bg4 13. Bxc6 bxc6 14. a3
Bxf3 15. gxf3 Bxc3 16. bxc3 Ne5 17. Rfd1 Ng6 18. f4 Rfe8 19. c4 Qc7 20. f5 Nf4
21. Qf3 Rxe4 22. Bxf4 Rxf4 23. Rxd8+ Qxd8 24. Qxf4 g6 25. f6 1-0

[Event "XIII. DBMM 2013"]
[Site "?"]
[Date "2013.09.27"]
[Round "3.4"]
[White "Mikoteit, Siegfried"]
[Black "Hoffmann, Frank"]
[Result "1/2-1/2"]
[WhiteElo "1327"]
[BlackElo "1521"]
[PlyCount "61"]
[EventDate "2013.01.19"]

1. e4 c6 2. d4 d5 3. Nc3 dxe4 4. Nxe4 Bf5 5. Ng3 Bg6 6. Nf3 Nd7 7. Nh4 e6 8.
Nxg6 hxg6 9. h3 Ngf6 10. Bg5 Qb6 11. Be2 O-O-O 12. O-O Bd6 13. Bf3 Rde8 14. c4
Qc7 15. Kh2 Nh5 16. Bxh5 Rxh5 17. Qd2 f6 18. Be3 g5 19. f4 gxf4 20. Bxf4 Bxf4
21. Qxf4 Qxf4 22. Rxf4 Rh7 23. Re1 g5 24. Rfe4 e5 25. Nf5 Kc7 26. b4 Rd8 27.
Rd1 Nb6 28. c5 Nd5 29. dxe5 Nc3 30. Rxd8 Nxe4 31. Rd4 1/2-1/2

[Event "XIII. DBMM 2013"]
[Site "?"]
[Date "2013.09.27"]
[Round "3.1"]
[White "Mueller, Ralf"]
[Black "Keuchen, Michael"]
[Result "1-0"]
[WhiteElo "2395"]
[BlackElo "2050"]
[PlyCount "95"]
[EventDate "2013.01.19"]

1. d4 e6 2. e4 d5 3. Nd2 Nf6 4. e5 Nfd7 5. Bd3 c5 6. c3 Nc6 7. Ne2 f6 8. exf6
Nxf6 9. Nf3 Bd6 10. O-O O-O 11. Bf4 Bxf4 12. Nxf4 Ne4 13. Qc1 Qd6 14. Ne2 cxd4
15. cxd4 e5 16. Qe3 exd4 17. Nexd4 Qf4 18. Nxc6 Qxe3 19. fxe3 bxc6 20. Bxe4
dxe4 21. Ne5 Rxf1+ 22. Rxf1 c5 23. Rd1 Be6 24. b3 Kf8 25. Nd7+ Ke7 26. Nxc5 Rc8
27. Nxe4 Rc2 28. Rd2 Rc1+ 29. Kf2 a5 30. Ng5 Bg8 31. e4 a4 32. bxa4 Rc4 33. Ke3
Rxa4 34. Rb2 Ra7 35. Rb8 Kf6 36. h4 h6 37. e5+ Kg6 38. Ne4 Bxa2 39. g4 Kf7 40.
Kf4 Ke6 41. Rb6+ Kd5 42. Rd6+ Kc4 43. e6 Re7 44. Ke5 Kb4 45. g5 hxg5 46. Rd4+
Bc4 47. Nxg5 Rc7 48. Kd6 1-0

[Event "XIII. DBMM 2013"]
[Site "?"]
[Date "2013.09.27"]
[Round "3.2"]
[White "Raum, Norbert"]
[Black "Scharrer, Udo"]
[Result "1/2-1/2"]
[WhiteElo "1835"]
[BlackElo "2036"]
[PlyCount "25"]
[EventDate "2013.01.19"]

1. b3 e5 2. Bb2 d6 3. e4 Nf6 4. d3 Be7 5. Nf3 O-O 6. Be2 Nbd7 7. O-O Nc5 8. c4
Ne6 9. Nc3 c5 10. Bc1 Bd7 11. Bd2 Nd4 12. Nxd4 cxd4 13. Nd5 1/2-1/2

[Event "XIII. DBMM 2013"]
[Site "?"]
[Date "2013.09.27"]
[Round "3.3"]
[White "Wepfer, Bernd"]
[Black "Hoffeins, Hans-Werner"]
[Result "1-0"]
[WhiteElo "1897"]
[BlackElo "1794"]
[PlyCount "69"]
[EventDate "2013.01.19"]

1. c4 d6 2. g3 Nf6 3. Bg2 c6 4. Nc3 e5 5. d3 Be6 6. Nf3 Be7 7. O-O O-O 8. Rb1
Na6 9. b4 Nc7 10. b5 Bd7 11. b6 axb6 12. Rxb6 Ncd5 13. Nxd5 cxd5 14. Rxb7 Rxa2
15. cxd5 Ba4 16. Qe1 Nd7 17. Rb2 Rxb2 18. Bxb2 Qb6 19. Qa1 Nc5 20. Nd2 Rb8 21.
Bc3 Bc2 22. d4 Na4 23. dxe5 Nxc3 24. Qxc3 Bf5 25. e4 Rc8 26. Qf3 Bd7 27. exd6
Bxd6 28. Re1 f6 29. Bf1 Rc2 30. Rb1 Qc5 31. Nb3 Qc7 32. Nd4 Rc1 33. Rxc1 Qxc1
34. Kg2 Qh6 35. Nf5 1-0

[Event "XIII. DBMM 2013"]
[Site "?"]
[Date "2013.09.27"]
[Round "3.4"]
[White "Hein, Andrea"]
[Black "Bangert, Udo"]
[Result "0-1"]
[WhiteElo "1449"]
[BlackElo "1895"]
[PlyCount "126"]
[EventDate "2013.01.19"]

1. d4 d5 2. c4 c6 3. Nf3 Nf6 4. Bg5 Ne4 5. Bf4 Qa5+ 6. Bd2 Nxd2 7. Qxd2 Qxd2+
8. Nbxd2 Bf5 9. e3 e6 10. a3 Nd7 11. Be2 Be7 12. O-O O-O 13. Rac1 h6 14. h3
Rac8 15. Rfe1 Bf6 16. Nb3 b6 17. Red1 dxc4 18. Rxc4 Be4 19. Nbd2 Bd5 20. Rcc1
c5 21. e4 Bb7 22. e5 Be7 23. Bb5 Rfd8 24. Rc2 Nb8 25. Nb3 a6 26. Be2 Bd5 27.
Na1 Be4 28. Rc3 b5 29. dxc5 Rxd1+ 30. Bxd1 Rxc5 31. Rxc5 Bxc5 32. Nb3 Bb6 33.
Nfd2 Bd5 34. Kf1 Nc6 35. f4 Nd4 36. g4 a5 37. Nxd4 Bxd4 38. b3 Be3 39. Nf3 Bxf4
40. Nd4 b4 41. axb4 axb4 42. Nf3 Kf8 43. Ke2 Bxf3+ 44. Kxf3 Bxe5 45. Ke4 Bf6
46. Kd3 Be7 47. Ke4 Bc5 48. Be2 Ke7 49. Bb5 Kf6 50. Be8 Bd6 51. h4 Ke7 52. Bb5
Bg3 53. h5 Be1 54. Bc4 Kf6 55. Kf3 Ke5 56. Bb5 Kd4 57. Ba4 Bd2 58. Ke2 Bg5 59.
Kf3 Be7 60. Be8 Kc3 61. Bxf7 Kxb3 62. Bxe6+ Ka3 63. Ke3 b3 0-1

[Event "XIII. DBMM 2013"]
[Site "?"]
[Date "2013.09.27"]
[Round "3.1"]
[White "Dekker, Derk"]
[Black "Bischoff, Ulrich"]
[Result "1-0"]
[WhiteElo "1817"]
[BlackElo "2107"]
[PlyCount "87"]
[EventDate "2013.01.19"]

1. e4 c5 2. Nf3 Nc6 3. d4 cxd4 4. Nxd4 e6 5. Nc3 Qc7 6. Be2 a6 7. O-O Nf6 8.
Nxc6 bxc6 9. Bg5 Be7 10. Qd4 h6 11. Bh4 e5 12. Qd3 Rb8 13. b3 Bb7 14. Rad1 Rd8
15. Qc4 Qa5 16. Bxf6 Bxf6 17. b4 Qc7 18. Rd3 Qb8 19. Rfd1 Be7 20. Bh5 g6 21.
Bf3 d6 22. a4 O-O 23. a5 Qc8 24. Na4 Qe6 25. Qc3 Rfe8 26. Nb6 Bf8 27. Qd2 Kh7
28. c4 h5 29. Qe2 Be7 30. Bxh5 Bc8 31. Bf3 Bb7 32. Bg4 Qf6 33. Rf3 Qg7 34. Rh3+
Kg8 35. Rhd3 Bf8 36. Bf3 Qf6 37. Bg4 Qe7 38. Qd2 d5 39. c5 d4 40. h3 Kh7 41.
Nc4 Qh4 42. Rf3 Kg7 43. Qa2 Qe7 44. Nd6 1-0

[Event "XIII. DBMM 2013"]
[Site "?"]
[Date "2013.09.27"]
[Round "3.2"]
[White "Lau, Peter"]
[Black "Oberpriller, Josef"]
[Result "1/2-1/2"]
[WhiteElo "1791"]
[BlackElo "1988"]
[PlyCount "41"]
[EventDate "2013.01.19"]

1. e4 Nf6 2. e5 Nd5 3. d4 d6 4. Nf3 Nc6 5. exd6 exd6 6. Be2 Be7 7. O-O O-O 8.
c3 Re8 9. Re1 Bf6 10. Bc4 Rxe1+ 11. Qxe1 Nb6 12. Be2 h6 13. Be3 Bf5 14. Nbd2
Qd7 15. Nf1 Re8 16. Qd2 Nd5 17. Re1 a6 18. h3 Bg6 19. Bd3 Be4 20. Bxe4 Rxe4 21.
Ng3 1/2-1/2

[Event "XIII. DBMM 2013"]
[Site "?"]
[Date "2013.09.27"]
[Round "3.3"]
[White "Bumes, Konrad"]
[Black "Pachl, Manfred"]
[Result "1-0"]
[WhiteElo "1796"]
[BlackElo "1775"]
[PlyCount "172"]
[EventDate "2013.01.19"]

1. d4 e6 2. c4 d5 3. Nc3 Nf6 4. Nf3 b6 5. e3 Nbd7 6. cxd5 Nxd5 7. Nxd5 exd5 8.
Bb5 Bd6 9. Bc6 Rb8 10. Bxd5 O-O 11. O-O c5 12. Re1 Nf6 13. Bc4 Qc7 14. dxc5
Qxc5 15. Qd4 Qc7 16. Bd2 Bb7 17. Rac1 Rbd8 18. Be2 Qb8 19. Qh4 Bxf3 20. Bxf3
Bxh2+ 21. Qxh2 Rxd2 22. Qxb8 Rxb8 23. Rc7 a5 24. Rec1 g6 25. R1c2 Rbd8 26. a4
Kg7 27. Kf1 R8d6 28. Ke1 Rxc2 29. Rxc2 Nd7 30. Rd2 Rxd2 31. Kxd2 Nc5 32. Bc6
Kf6 33. Kc3 Ke7 34. b3 Kd6 35. Be8 f6 36. f3 g5 37. Bf7 Nd7 38. Bg8 h5 39. Kd4
h4 40. Bh7 Nc5 41. Bc2 Ke6 42. e4 Na6 43. Bd3 Nb4 44. Bc4+ Kd6 45. Bf1 Nc6+ 46.
Kc4 Ne5+ 47. Kb5 Kc7 48. Be2 Ng6 49. Ka6 Nf4 50. Bf1 Kc6 51. Ka7 Ne6 52. Bc4
Nd4 53. Bd5+ Kc7 54. Ka6 Nc2 55. Be6 Kc6 56. Ka7 Nb4 57. Bc4 Nc2 58. Bd5+ Kc5
59. Be6 Kd6 60. Bh3 Kc6 61. Be6 Nb4 62. Bh3 b5 63. axb5+ Kxb5 64. Kb7 Nc2 65.
Kc7 Nd4 66. Bd7+ Kc5 67. Ba4 Ne6+ 68. Kd7 Nf4 69. Ke7 Nxg2 70. Bd7 Ne3 71. Kxf6
g4 72. fxg4 h3 73. g5 h2 74. g6 h1=Q 75. g7 Qh6+ 76. Kf7 Qh5+ 77. Kf6 Qh4+ 78.
Kf7 Qf4+ 79. Ke8 Qe5+ 80. Kf7 Qf4+ 81. Ke8 Qg5 82. Kf7 Kd6 83. Ba4 Qe7+ 84. Kg8
Qxe4 85. Kh8 Qh4+ 86. Kg8 Nf5 1-0

[Event "XIII. DBMM 2013"]
[Site "?"]
[Date "2013.09.27"]
[Round "3.4"]
[White "Wirth, Volker"]
[Black "Santos, Paulo"]
[Result "1/2-1/2"]
[WhiteElo "1711"]
[BlackElo "1848"]
[PlyCount "45"]
[EventDate "2013.01.19"]

1. d4 Nf6 2. c4 g6 3. Nc3 d5 4. cxd5 Nxd5 5. e4 Nxc3 6. bxc3 Bg7 7. Nf3 c5 8.
Bb5+ Bd7 9. Bxd7+ Nxd7 10. O-O cxd4 11. cxd4 O-O 12. Bf4 Rc8 13. Qa4 a5 14.
Rac1 Nf6 15. Rxc8 Qxc8 16. Rc1 Qg4 17. Be3 Qxe4 18. Qxa5 Nd5 19. Nd2 Qf5 20.
Qc5 Nxe3 21. fxe3 Qxc5 22. Rxc5 Ra8 23. Rc2 1/2-1/2

[Event "XIII. DBMM 2013"]
[Site "?"]
[Date "2013.09.27"]
[Round "4.1"]
[White "Lotzien, Hans"]
[Black "Seger, Ruediger"]
[Result "1/2-1/2"]
[WhiteElo "2152"]
[BlackElo "2393"]
[PlyCount "23"]
[EventDate "2013.01.19"]

1. e4 c6 2. d4 d5 3. exd5 cxd5 4. Bd3 Nc6 5. c3 Qc7 6. Ne2 Bg4 7. h3 Bh5 8. O-O
e6 9. Bf4 Qxf4 10. Nxf4 Bxd1 11. Rxd1 Bd6 12. Ne2 1/2-1/2

[Event "XIII. DBMM 2013"]
[Site "?"]
[Date "2013.09.27"]
[Round "4.1"]
[White "Musoldt, Christoph"]
[Black "Hedden, Helge"]
[Result "0-1"]
[WhiteElo "1918"]
[BlackElo "2150"]
[PlyCount "80"]
[EventDate "2013.01.19"]

1. d4 e6 2. c4 f5 3. Nc3 Nf6 4. Bg5 c6 5. e3 Be7 6. Bd3 O-O 7. Nf3 d5 8. Qc2
Ne4 9. Bf4 Nd7 10. Ne5 Nxe5 11. Bxe5 Bd7 12. f3 Nd6 13. Bxd6 Bxd6 14. f4 Kh8
15. c5 Be7 16. Kd2 b6 17. b4 Bc8 18. Qa4 Bd7 19. Qc2 Rb8 20. Rab1 Be8 21. h3 g5
22. g3 Rg8 23. Rhg1 Bg6 24. Ne2 Rg7 25. Rg2 Qe8 26. a3 Bd8 27. Rc1 Rc8 28. Ng1
Bh5 29. Ke1 Qg8 30. Kf1 Be7 31. g4 fxg4 32. hxg4 Bg6 33. f5 exf5 34. Bxf5 Rf7
35. Ke2 Bxf5 36. gxf5 bxc5 37. bxc5 Qf8 38. Rf1 Bf6 39. Nf3 Qe7 40. Nh2 Bxd4
0-1

[Event "XIII. DBMM 2013"]
[Site "?"]
[Date "2013.09.27"]
[Round "4.2"]
[White "Hein, Ralf"]
[Black "Decker, Ingo"]
[Result "0-1"]
[WhiteElo "2073"]
[BlackElo "1696"]
[PlyCount "142"]
[EventDate "2013.01.19"]

1. e4 e5 2. Nf3 Nc6 3. Bc4 Bc5 4. c3 Nf6 5. d3 d6 6. O-O O-O 7. b4 Bb6 8. a4 a5
9. b5 Ne7 10. h3 Ng6 11. Bg5 h6 12. Be3 c6 13. Nbd2 d5 14. Bxb6 Qxb6 15. exd5
cxd5 16. Bb3 Be6 17. d4 e4 18. Nh2 Qd6 19. Qe1 b6 20. f3 Rac8 21. Rc1 Rfe8 22.
fxe4 dxe4 23. Bxe6 Rxe6 24. Nb1 Rc4 25. Qd1 Nd5 26. Qb3 Rc8 27. c4 Nb4 28. d5
Re7 29. Ng4 Nd3 30. Rc2 Qc5+ 31. Kh1 h5 32. Nf2 Nxf2+ 33. Rcxf2 e3 34. Rf5 e2
35. Re1 Nh4 36. Rf4 Ng6 37. Rf5 Qd4 38. Qg3 Qe4 39. Rxh5 Qf4 40. Kh2 Qxg3+ 41.
Kxg3 Rxc4 42. d6 Rd7 43. Rd5 Kf8 44. Rxe2 Nf4 45. Re7 Rxe7 46. dxe7+ Kxe7 47.
Rf5 Ne6 48. Nd2 Rxa4 49. Nf3 Rb4 50. Ne5 Rb3+ 51. Kg4 f6 52. Nc6+ Kd6 53. Na7
Rb4+ 54. Kg3 a4 55. Rf2 Rb3+ 56. Kg4 a3 57. Ra2 Nd4 58. Kh5 Kc5 59. h4 Nxb5 60.
Nxb5 Kxb5 61. g4 Ka4 62. Rd2 Rb4 63. Rd7 g6+ 64. Kxg6 Rxg4+ 65. Kh5 Rg3 66. Kh6
a2 67. h5 Kb3 68. Rd1 Kc2 69. Rf1 Rg2 70. Kh7 Kb2 71. h6 a1=Q 0-1

[Event "XIII. DBMM 2013"]
[Site "?"]
[Date "2013.09.27"]
[Round "4.3"]
[White "Jakob, Heinz"]
[Black "Kaliski, Achim"]
[Result "0-1"]
[WhiteElo "1590"]
[BlackElo "1958"]
[PlyCount "100"]
[EventDate "2013.01.19"]

1. e4 e5 2. Nf3 Nf6 3. d3 Nc6 4. Nc3 h6 5. Be2 Bc5 6. Na4 Bb6 7. Nxb6 axb6 8.
O-O O-O 9. a3 Qe7 10. Bd2 d6 11. Bc3 d5 12. exd5 Nxd5 13. Bd2 Re8 14. h3 Bf5
15. Re1 Rad8 16. Qc1 Qd6 17. Nh2 e4 18. dxe4 Rxe4 19. Bd3 Rxe1+ 20. Qxe1 Bxd3
21. cxd3 Nf6 22. Bc3 Nd4 23. Bxd4 Qxd4 24. Qe7 Rd7 25. Qe2 Qxd3 26. Qxd3 Rxd3
27. Nf3 Kf8 28. Rc1 Nd5 29. Kf1 c6 30. Ne1 Rb3 31. Rc2 b5 32. Nf3 b4 33. axb4
Nxb4 34. Nd4 Rd3 35. Rc4 Nd5 36. Nf3 Rb3 37. Rc2 Nf4 38. Nd2 Rb5 39. b3 Ke7 40.
Rc4 Nd5 41. Ke2 Ra5 42. g3 Ra2 43. Kd3 f5 44. f3 Ra1 45. g4 b5 46. Rc5 Kd6 47.
Kd4 g6 48. Rc2 Rh1 49. gxf5 gxf5 50. Ra2 c5+ 0-1

[Event "XIII. DBMM 2013"]
[Site "?"]
[Date "2013.09.27"]
[Round "4.4"]
[White "Groeppel, Peter"]
[Black "Feldmann, Alfred"]
[Result "1-0"]
[WhiteElo "1934"]
[BlackElo "1434"]
[PlyCount "53"]
[EventDate "2013.01.19"]

1. d4 d5 2. e4 dxe4 3. Nc3 Nf6 4. f3 e6 5. a3 Nc6 6. Bb5 Bd7 7. fxe4 a6 8. Bc4
b5 9. Bb3 b4 10. axb4 Bxb4 11. Qd3 O-O 12. Nf3 Ne7 13. O-O c5 14. e5 Nfd5 15.
Ne4 cxd4 16. c4 dxc3 17. bxc3 Qb6+ 18. Nd4 Bc5 19. Nxc5 Qxc5 20. Ba3 Qa7 21.
Kh1 Rfe8 22. Qf3 f5 23. exf6 Nxf6 24. Qg3 Qb8 25. Bd6 Qd8 26. Rxf6 Nf5 27. Rxf5
1-0

[Event "XIII. DBMM 2013"]
[Site "?"]
[Date "2013.09.27"]
[Round "4.1"]
[White "Eisermann, Daniel"]
[Black "Dekker, Derk"]
[Result "1-0"]
[WhiteElo "1941"]
[BlackElo "1817"]
[PlyCount "115"]
[EventDate "2013.01.19"]

1. e4 e5 2. Nf3 Nc6 3. Bc4 Bc5 4. c3 Nf6 5. d3 d6 6. Be3 Bb6 7. Bb3 Qe7 8. Nbd2
Bxe3 9. fxe3 Be6 10. O-O Bxb3 11. axb3 d5 12. exd5 Nxd5 13. Qe2 O-O 14. g3 Rad8
15. b4 a6 16. e4 Nb6 17. Nh4 g6 18. Rad1 Rd6 19. Nb3 Nd7 20. Na1 Nd8 21. Nc2
Ne6 22. Ne3 Ng7 23. Rf3 Nf6 24. Rdf1 Rfd8 25. Nc4 Re6 26. Ng2 Nd7 27. Qf2 Rf8
28. Nge3 c6 29. Ng4 f6 30. Na5 h5 31. Ne3 b5 {(R)} 32. Nb3 Ne8 33. g4 hxg4 34.
Nxg4 Kg7 35. Qe3 Rh8 36. Rh3 Rxh3 37. Qxh3 Kg8 38. Kh1 Nc7 39. Rg1 Qh7 40. Qe3
Re7 41. Nc5 Ne8 42. Nxa6 Qh5 43. Nc5 Nf8 44. Rg3 Rh7 45. Qg1 Kf7 46. Qf2 Ke7
47. d4 Nd7 48. Nxd7 Kxd7 49. dxe5 fxe5 50. Qc5 Re7 51. Rd3+ Ke6 52. Qxc6+ Kf7
53. Rg3 Kg7 54. Qc5 Kf7 55. Qf2+ Kg7 56. Qc5 Kf7 57. Rf3+ Ke6 58. Qd5# 1-0

[Event "XIII. DBMM 2013"]
[Site "?"]
[Date "2013.09.27"]
[Round "4.2"]
[White "Oberpriller, Josef"]
[Black "Mayer, Herbert"]
[Result "1-0"]
[WhiteElo "1988"]
[BlackElo "1992"]
[PlyCount "85"]
[EventDate "2013.01.19"]

1. d4 d5 2. Nc3 Nf6 3. Bg5 Ne4 4. Nxe4 dxe4 5. Bf4 g6 6. c3 Bg7 7. e3 c6 8. Bc4
b5 9. Bb3 e6 10. Qc2 f5 11. f3 a5 12. a3 g5 13. Bg3 exf3 14. Nxf3 Qe7 15. O-O
Na6 16. Be5 Nc7 17. e4 f4 18. Rad1 g4 19. Bxg7 Qxg7 20. Ne5 O-O 21. Nxc6 Kh8
22. Ne5 Ba6 23. Qd2 f3 24. gxf3 gxf3+ 25. Kh1 f2 26. Rxf2 Rxf2 27. Qxf2 Rf8 28.
Qh4 Qf6 29. Qxf6+ Rxf6 30. Kg2 Bb7 31. Re1 Rf4 32. Bc2 Ne8 33. Kg3 Rf6 34. Bd3
Nd6 35. Re3 Rf8 36. Nd7 Rf7 37. Nc5 Bc8 38. Rf3 Rxf3+ 39. Kxf3 Nc4 40. Bxc4
bxc4 41. Kf4 Kg7 42. Ke5 Kf7 43. Kd6 1-0

[Event "XIII. DBMM 2013"]
[Site "?"]
[Date "2013.09.27"]
[Round "4.3"]
[White "Mueller, Gerd"]
[Black "Bumes, Konrad"]
[Result "0-1"]
[WhiteElo "1809"]
[BlackElo "1796"]
[PlyCount "28"]
[EventDate "2013.01.19"]

1. e4 d5 2. exd5 Qxd5 3. Nc3 Qa5 4. Bc4 Nf6 5. Qf3 c6 6. h3 Bf5 7. d3 e6 8. Bd2
Qc7 9. g4 Bg6 10. h4 h5 11. g5 Ng4 12. Nh3 Ne5 13. Qg3 Bd6 14. Bb3 Nxd3+ 0-1

[Event "XIII. DBMM 2013"]
[Site "?"]
[Date "2013.09.27"]
[Round "4.4"]
[White "Santos, Paulo"]
[Black "Riess, Bernhard"]
[Result "1-0"]
[WhiteElo "1848"]
[BlackElo "1577"]
[PlyCount "33"]
[EventDate "2013.01.19"]

1. e4 c6 2. d4 d5 3. f3 e6 4. Nc3 Nd7 5. Bf4 c5 6. exd5 Nb6 7. dxe6 Bxe6 8.
Bb5+ Bd7 9. Qe2+ Qe7 10. dxc5 Qxe2+ 11. Ngxe2 Bxc5 12. O-O-O O-O-O 13. Bxd7+
Rxd7 14. Ne4 Be7 15. N2c3 Nf6 16. Nxf6 Bxf6 17. Nb5 1-0

[Event "XIII. DBMM 2013"]
[Site "?"]
[Date "2013.09.27"]
[Round "4.1"]
[White "Kettenburg, Stefan"]
[Black "Blum, Norbert"]
[Result "1/2-1/2"]
[WhiteElo "2063"]
[BlackElo "2021"]
[PlyCount "69"]
[EventDate "2013.01.19"]

1. d4 Nf6 2. c4 g6 3. Nc3 d5 4. cxd5 Nxd5 5. e4 Nxc3 6. bxc3 Bg7 7. Bc4 c5 8.
Ne2 Nc6 9. Be3 O-O 10. O-O Bg4 11. f3 Bd7 12. d5 Na5 13. Bd3 b6 14. Rc1 e6 15.
c4 exd5 16. exd5 Re8 17. Qd2 Bc8 18. Rfe1 Ba6 19. Ng3 f5 20. Ne2 Qd6 21. g3
Rad8 22. Kg2 Bf6 23. Bf4 Qd7 24. Qc2 Nb7 25. Bd2 Nd6 26. Nf4 Rxe1 27. Rxe1 Re8
28. Ne6 Bc8 29. Rh1 Qf7 30. Nf4 Bg7 31. h4 Qf6 32. Nh3 Qb2 33. Qxb2 Bxb2 34.
Rb1 Bd4 35. Bf4 1/2-1/2

[Event "XIII. DBMM 2013"]
[Site "?"]
[Date "2013.09.27"]
[Round "4.2"]
[White "Bischoff, Ulrich"]
[Black "Baranowsky, Peter"]
[Result "0-1"]
[WhiteElo "2107"]
[BlackElo "1967"]
[PlyCount "53"]
[EventDate "2013.01.19"]

1. e4 c6 2. d4 d5 3. Nc3 dxe4 4. Nxe4 Bf5 5. Ng3 Bg6 6. Nf3 Nd7 7. h4 h6 8. h5
Bh7 9. Bd3 Bxd3 10. Qxd3 e6 11. Bf4 Qa5+ 12. Bd2 Bb4 13. c3 Be7 14. Ne4 Ngf6
15. c4 Qc7 16. O-O-O b5 17. cxb5 cxb5+ 18. Kb1 Qb7 19. Nxf6+ Nxf6 20. Rhe1 Rc8
21. Ne5 Bd6 22. Qh3 O-O 23. Qh4 Rfd8 24. f3 b4 25. Bxh6 Nd5 26. Bg5 Nc3+ 27.
Ka1 {und hier überschritt Weiß die Zeit} 0-1

[Event "XIII. DBMM 2013"]
[Site "?"]
[Date "2013.09.27"]
[Round "4.3"]
[White "Koerlin, Hans-Juergen"]
[Black "Wirth, Volker"]
[Result "1-0"]
[WhiteElo "1843"]
[BlackElo "1711"]
[PlyCount "67"]
[EventDate "2013.01.19"]

1. e4 c5 2. Nc3 Nc6 3. f4 d6 4. Nf3 Nf6 5. Bc4 e6 6. d3 a6 7. a4 d5 8. Bb3 Be7
9. O-O O-O 10. Qe1 Nd4 11. Nxd4 cxd4 12. Nd1 dxe4 13. dxe4 d3 14. Kh1 Nxe4 15.
Qxe4 d2 16. Ne3 dxc1=Q 17. Raxc1 Qc7 18. c3 g6 19. Rcd1 Bd7 20. Qf3 Bc6 21. Qh3
Be4 22. Bxe6 Qb6 23. Bd5 Bxd5 24. Nxd5 Qc5 25. Qd7 Bh4 26. b4 Qc4 27. Qg4 Bd8
28. Rfe1 a5 29. Rd4 Qb3 30. b5 Qa3 31. f5 Kg7 32. Qg3 Rc8 33. f6+ Kg8 34. Qg5
1-0

[Event "XIII. DBMM 2013"]
[Site "?"]
[Date "2013.09.27"]
[Round "4.4"]
[White "Brethauer, Tim"]
[Black "Warnest, Stefan"]
[Result "0-1"]
[WhiteElo "1641"]
[BlackElo "1460"]
[PlyCount "106"]
[EventDate "2013.01.19"]

1. e4 c6 2. d4 d5 3. exd5 cxd5 4. Nf3 Nf6 5. Bg5 e6 6. c3 Be7 7. Bd3 O-O 8. O-O
h6 9. Bh4 Nh5 10. Bxe7 Qxe7 11. Nbd2 Nc6 12. Re1 Nf6 13. Ne5 Bd7 14. Nxd7 Nxd7
15. Qh5 Nf6 16. Qh3 Qd6 17. Re3 Qf4 18. Be2 Ne7 19. g3 Qf5 20. Qxf5 Nxf5 21.
Rd3 b5 22. Bf3 Rfe8 23. Re1 a5 24. b3 Rac8 25. a3 Re7 26. g4 Nd6 27. h4 Rec7
28. Nb1 Nfe4 29. Rc1 b4 30. Bxe4 Nxe4 31. axb4 axb4 32. f3 Nxc3 33. Re1 Nxb1
34. Rxb1 Rc1+ 35. Rxc1 Rxc1+ 36. Kf2 f6 37. h5 Kf7 38. Ke2 Rc2+ 39. Ke3 g5 40.
Rd1 Rc3+ 41. Rd3 Rxd3+ 42. Kxd3 Ke7 43. Ke3 Kd6 44. Kd3 e5 45. Ke3 Ke6 46. Kd3
f5 47. gxf5+ Kxf5 48. dxe5 Kxe5 49. Ke3 d4+ 50. Kd3 Kf4 51. Ke2 d3+ 52. Kxd3
Kxf3 53. Kd2 Kf2 0-1

[Event "XIII. DBMM 2013"]
[Site "?"]
[Date "2013.09.27"]
[Round "4.1"]
[White "Urban, Ralf-Dieter"]
[Black "Giel, Olaf"]
[Result "1/2-1/2"]
[WhiteElo "2057"]
[BlackElo "2122"]
[PlyCount "52"]
[EventDate "2013.01.19"]

1. e4 c5 2. Nf3 d6 3. d4 cxd4 4. Bc4 Qc7 5. Bb3 Nf6 6. Nxd4 a6 7. Nc3 e6 8. O-O
Be7 9. f4 b5 10. f5 e5 11. Nf3 h6 12. Qe1 Bb7 13. Qg3 Bf8 14. Be3 Nxe4 15. Nxe4
Bxe4 16. c4 bxc4 17. Rac1 d5 18. Nxe5 Bd6 19. Ba4+ Kf8 20. Bf4 Kg8 21. f6 Rh7
22. Be8 g5 23. h4 Bxe5 24. Bxe5 Qb6+ 25. Kh1 Nc6 26. Bxc6 Qxc6 1/2-1/2

[Event "XIII. DBMM 2013"]
[Site "?"]
[Date "2013.09.27"]
[Round "4.2"]
[White "Buhrdorf, Axel"]
[Black "Supplieth, Joerg"]
[Result "1-0"]
[WhiteElo "1787"]
[BlackElo "1730"]
[PlyCount "49"]
[EventDate "2013.01.19"]

1. e4 e5 2. Nf3 Nc6 3. Bc4 Bc5 4. O-O d6 5. h3 h6 6. c3 g5 7. d4 exd4 8. cxd4
Bb6 9. Bb5 Bd7 10. Nc3 Qf6 11. Nd5 Qg7 12. Nxb6 axb6 13. Be3 g4 14. hxg4 Qxg4
15. d5 Nce7 16. Bxd7+ Qxd7 17. Nd4 Nf6 18. f3 c5 19. dxc6 bxc6 20. Qd3 Rb8 21.
Rad1 d5 22. exd5 Nfxd5 23. Rfe1 Nxe3 24. Qxe3 Rb7 25. Nb5 1-0

[Event "XIII. DBMM 2013"]
[Site "?"]
[Date "2013.09.27"]
[Round "4.3"]
[White "Schroeder, Kai"]
[Black "Duckstein, Torsten"]
[Result "0-1"]
[WhiteElo "1786"]
[BlackElo "1944"]
[PlyCount "84"]
[EventDate "2013.01.19"]

1. e4 e6 2. d4 d5 3. exd5 exd5 4. Bd3 Nc6 5. Ne2 Bd6 6. Bf4 Nge7 7. Bxd6 Qxd6
8. c3 Bg4 9. f3 Bf5 10. O-O O-O-O 11. a4 Qg6 12. Bxf5+ Nxf5 13. Qd2 Na5 14. Qf4
Rhe8 15. Ng3 Nxg3 16. Qxg3 Qxg3 17. hxg3 Re2 18. b4 Nc4 19. Na3 Nxa3 20. Rxa3
Rde8 21. Rf2 R2e3 22. Rd2 Kd7 23. Kf2 R8e6 24. g4 Ke7 25. Rb3 Kf6 26. Ra3 Kg5
27. Rb3 f5 28. gxf5 Kxf5 29. a5 h5 30. b5 b6 31. axb6 axb6 32. Ra2 h4 33. Kg1
Kf4 34. Kh2 g5 35. Ra8 Re8 36. Rxe8 Rxe8 37. Rb2 Re3 38. Rc2 Rd3 39. c4 Rxd4
40. c5 Rc4 41. cxb6 cxb6 42. Rd2 d4 0-1

[Event "XIII. DBMM 2013"]
[Site "?"]
[Date "2013.09.27"]
[Round "4.4"]
[White "Wellmann, Ewald"]
[Black "Figger, Udo"]
[Result "1/2-1/2"]
[WhiteElo "1482"]
[BlackElo "1906"]
[PlyCount "85"]
[EventDate "2013.01.19"]

1. f4 b5 2. Nf3 Bb7 3. e3 a6 4. g3 c5 5. Bg2 e6 6. O-O Nc6 7. Nc3 Nf6 8. d3 Be7
9. Bd2 d5 10. Ne5 Qc7 11. Nf3 Rd8 12. Qe1 Rd7 13. Ne2 O-O 14. h3 h5 15. Bc3 d4
16. exd4 b4 17. Bd2 cxd4 18. Ne5 Nxe5 19. fxe5 Qxe5 20. Bf4 Qc5 21. Bxb7 Rxb7
22. Qf2 e5 23. Bg5 Nd5 24. Bxe7 Rxe7 25. c3 bxc3 26. bxc3 Ne3 27. cxd4 exd4 28.
Rfc1 Qe5 29. Rc6 Nf5 30. Nf4 g6 31. Rac1 Qe3 32. Nd5 Qxf2+ 33. Kxf2 Re5 34.
Nf6+ Kg7 35. Nd7 Ra5 36. Nxf8 Kxf8 37. R1c2 Ne3 38. Rd2 Rf5+ 39. Ke2 Nf1 40.
Rb2 Nxg3+ 41. Kd1 Rf1+ 42. Kc2 Ne2 43. Rxa6 1/2-1/2

[Event "XIII. DBMM 2013"]
[Site "?"]
[Date "2013.09.27"]
[Round "4.1"]
[White "Lange, Ronny"]
[Black "Jonnek, Thomas"]
[Result "0-1"]
[WhiteElo "1400"]
[BlackElo "2003"]
[PlyCount "48"]
[EventDate "2013.01.19"]

1. e4 c6 2. d4 d5 3. exd5 cxd5 4. Nf3 Nf6 5. c4 e6 6. Nc3 Be7 7. Bf4 O-O 8. c5
Nc6 9. a3 Ne4 10. Be2 Nxc3 11. bxc3 b6 12. Bb5 Bd7 13. Qa4 Qc8 14. cxb6 axb6
15. Qb3 Na5 16. Bxd7 Nxb3 17. Bxc8 Nxa1 18. Bb7 Rxa3 19. Kd2 Nb3+ 20. Kd3 Na5
21. Ba6 Ra8 22. Bb5 Rc8 23. Rc1 Bb4 24. Bd2 Nb3 0-1

[Event "XIII. DBMM 2013"]
[Site "?"]
[Date "2013.09.27"]
[Round "4.2"]
[White "Wittfoth, Kai-Uve"]
[Black "Helps, Ian Malcolm"]
[Result "1-0"]
[WhiteElo "2139"]
[BlackElo "1400"]
[PlyCount "37"]
[EventDate "2013.01.19"]

1. d4 Nf6 2. Bf4 g6 3. Qc1 h6 4. f3 d6 5. e4 e5 6. dxe5 dxe5 7. Bxe5 Bg7 8. Bf4
Nc6 9. Nc3 O-O 10. Bxh6 Bxh6 11. Qxh6 Nd4 12. O-O-O c5 13. Bc4 Qc7 14. Qxg6+
Kh8 15. Qxf6+ Kh7 16. Nd5 Qd7 17. Qh4+ Kg7 18. Qg5+ Kh8 19. Qh6+ 1-0